000 01242nam a22002297a 4500
005 20251210155603.0
010 _aB-772614-635 HIN-130610 25BACHN25
020 _c595.00
_a9789392605703
035 _aB-772614-635
035 _aHN-102956
037 _bअमतारा पब्लिकेशन
037 _bपुस्तक प्रदान अधिनियम प्रभाग
082 _21
_a158.1
100 _aकुशवाह, संचिता
_986042
245 _aकॉलेज ड्रॉपआउट से अरबपति /
_cसंचिता कुशवाह
250 _a1
260 _aदिल्ली
_bअमतारा पब्लिकेशन
_c2024
270 _a376, कश्मीरी गेट,
_bदिल्ली
_e110006
300 _a208पृ.
_c22सी.मी(साजिल्द)
942 _2ddc
_cHN
_mकुशवा
_h158.1
999 _c210062
_d210062